| 000 | 00477nam a22001937a 4500 | ||
|---|---|---|---|
| 003 | CEME | ||
| 005 | 20210628203736.0 | ||
| 008 | 210415b xxu||||| |||| 00| 0 eng d | ||
| 020 | _a0-7506-0535-9 | ||
| 040 | _c. | ||
| 082 | _a621.395 PAR'L | ||
| 100 |
_aParr, E.A _941871 |
||
| 245 | _aLogic designers handbook , circuts and systems | ||
| 250 | _a2ND | ||
| 260 |
_aOXFORD _bBUTTERWORTH _c1993 |
||
| 300 | _aXI,484 P | ||
| 650 |
_aLOGIC CIRCUT _967097 |
||
| 942 |
_cBK _2ddc |
||
| 999 |
_c574947 _d574947 |
||